[Event "EU-ch 25th"]
[Site "Eforie Nord"]
[Date "2025.03.23"]
[Round "8"]
[White "Stefansson, Vignir Vatnar"]
[Black "Pancevski, Filip"]
[Result "0-1"]
[WhiteElo "2551"]
[BlackElo "2421"]
[PlyCount "106"]
[EventDate "2025.03.15"]
[EventType "swiss"]
[EventRounds "11"]
[EventCountry "ROU"]
[SourceTitle "CB13_2025"]
[SourceDate "2025.03.26"]
[SourceVersion "1"]
[SourceVersionDate "2025.03.26"]
[SourceQuality "1"]

1. Nf3 Nf6 2. g3 g6 3. b3 Bg7 4. Bb2 0-0 5. Bg2 d6 6. d4 e5 7. dxe5 Nfd7 8. Nc3 dxe5 9. Qd2 Nc6 10. 0-0-0 a5 11. h4 h6 12. h5 g5 13. Ne1 a4 14. Nxa4 Qe7 15. Qe3 Re8 16. Bxc6 bxc6 17. f4 Rxa4 18. bxa4 Nb6 19. Qa3 c5 20. Nd3 Nc4 21. Qxc5 Qxc5 22. Nxc5 Nxb2 23. Kxb2 exf4+ 24. Kb3 fxg3 25. Rd3 g2 26. Rg1 Bf8 27. Kc4 Rxe2 28. Rd8 Bf5 29. Nd7 Bxd7 30. Rxd7 Rxc2+ 31. Kb3 Re2 32. Rxc7 f5 33. Rc2 Re3+ 34. Rc3 Bc5 35. Rxg2 f4 36. Rxe3 Bxe3 37. Re2 g4 38. a5 f3 39. Rxe3 f2 40. Rg3 f1Q 41. Rxg4+ Kf7 42. Rc4 Qb1+ 43. Ka4 Ke6 44. a3 Qd3 45. Kb4 Kd5 46. Rc5+ Kd6 47. Rb5 Qb1+ 48. Ka4 Qc2+ 49. Kb4 Kc6 50. a4 Qb2+ 51. Kc4 Qa3 52. Rb6+ Kc7 53. Rb4 Qc1+ 0-1

[Event "EU-ch Blitz"]
[Site "Skopje"]
[Date "2024.12.09"]
[Round "8"]
[White "Aizenberg, Benny"]
[Black "Pancevski, Filip"]
[Result "0-1"]
[WhiteElo "2425"]
[BlackElo "2420"]
[PlyCount "206"]
[EventDate "2024.12.09"]
[EventType "swiss (blitz)"]
[EventRounds "13"]
[EventCountry "MKD"]
[SourceTitle "CB50_2024"]
[SourceDate "2024.11.01"]
[SourceVersion "1"]
[SourceVersionDate "2024.11.01"]
[SourceQuality "2"]

1. e4 d6 2. d4 Nf6 3. Nc3 e5 4. Nf3 Nbd7 5. Bc4 Be7 6. 0-0 0-0 7. a4 c6 8. Re1 exd4 9. Nxd4 Ne5 10. Be2 Re8 11. Be3 Bf8 12. h3 h6 13. a5 Bd7 14. Qd2 b5 15. axb6 axb6 16. Nf3 Rxa1 17. Rxa1 Ng6 18. Bd3 b5 19. b4 Qb8 20. Nd4 Ne5 21. Be2 Nc4 22. Bxc4 bxc4 23. Ra6 Qb7 24. Ra1 Qxb4 25. Nde2 Qb7 26. Ng3 Ra8 27. Rb1 Qc7 28. Bd4 Nh7 29. Nh5 Qa5 30. Ng3 Ng5 31. Be3 Nh7 32. Kh2 Qc7 33. Qd4 Be6 34. Qd2 Nf6 35. Bd4 Nd7 36. Kg1 Ne5 37. f4 c5 38. Be3 Nc6 39. f5 Bd7 40. Nd5 Qa5 41. Qf2 Ne5 42. Nh5 Qd8 43. Bxh6 gxh6 44. Ndf6+ Kh8 45. Qg3 Ng6 46. fxg6 Bg7 47. Qxd6 Be6 48. Qxd8+ Rxd8 49. gxf7 Bxf7 50. Rb7 Bxh5 51. Nxh5 Rd1+ 52. Kf2 Bd4+ 53. Ke2 Rc1 54. Kd2 Rg1 55. Nf4 Rf1 56. Rf7 Rf2+ 57. Kd1 Kg8 58. Rf5 c3 59. g4 Rf1+ 60. Ke2 Rf2+ 61. Kd3 Rd2+ 62. Kc4 Rxc2 63. Nd3 Rd2 64. Rf1 c2 65. Rc1 Be3 66. Ne1 Rd1 67. Rxc2 Rxe1 68. Kd5 Bd4 69. Ra2 Kg7 70. Ra6 Rh1 71. e5 Rxh3 72. e6 Re3 73. Kd6 Re4 74. Kd7 Bf6 75. Rc6 Re5 76. Rc7 Kg6 77. Rc8 Kg5 78. Rg8+ Kf4 79. Rf8 Kg5 80. Rg8+ Kh4 81. Rf8 Bg5 82. Rf5 Re4 83. Rxc5 Kxg4 84. Rc2 Kg3 85. Rc3+ Kf4 86. Rh3 Kg4 87. Rh1 Kf5 88. Rf1+ Kg6 89. Rf8 h5 90. Rg8+ Kf5 91. Rf8+ Kg4 92. Rf1 h4 93. Rg1+ Kh5 94. Rh1 Re3 95. Kd6 h3 96. Kd7 Kh4 97. Kd6 Re2 98. Ra1 Bf4+ 99. Kd7 Bg5 100. Ra4+ Kh5 101. Ra8 h2 102. Kd6 h1Q 103. Rh8+ Bh6 0-1

[Event "EU-ch Blitz"]
[Site "Skopje"]
[Date "2024.12.09"]
[Round "10"]
[White "Deac, Bogdan Daniel"]
[Black "Pancevski, Filip"]
[Result "1-0"]
[WhiteElo "2696"]
[BlackElo "2420"]
[PlyCount "116"]
[EventDate "2024.12.09"]
[EventType "swiss (blitz)"]
[EventRounds "13"]
[EventCountry "MKD"]
[SourceTitle "CB50_2024"]
[SourceDate "2024.11.01"]
[SourceVersion "1"]
[SourceVersionDate "2024.11.01"]
[SourceQuality "2"]

1. Nf3 Nf6 2. d4 g6 3. e3 Bg7 4. Be2 0-0 5. 0-0 d6 6. Nc3 Nbd7 7. e4 e5 8. dxe5 dxe5 9. Bc4 c6 10. a4 a5 11. b3 Qe7 12. Ba3 Nc5 13. Qd2 Bg4 14. Qe3 Nfd7 15. Ne1 b6 16. Nd3 Rfd8 17. h3 Be6 18. Bxe6 Qxe6 19. Nxc5 Nxc5 20. Bxc5 bxc5 21. Qxc5 Rd4 22. Rad1 Bf8 23. Qb6 Qd7 24. Rxd4 exd4 25. Rd1 Bg7 26. Ne2 Qe6 27. Ng3 h5 28. Qc5 h4 29. Nf1 Qxe4 30. Qc4 Re8 31. Nd2 Qe2 32. Qxe2 Rxe2 33. Kf1 Re5 34. Nc4 Rd5 35. Rd3 Bf8 36. Rf3 f5 37. Rd3 Bb4 38. g3 hxg3 39. Rxg3 Kf7 40. f4 Bd6 41. Rf3 Kf6 42. Ke2 Bb4 43. Kd3 Bc3 44. Rg3 Be1 45. Rg2 Rd8 46. Ne5 Rg8 47. Nxc6 Rh8 48. Ne5 Rxh3+ 49. Kc4 Rg3 50. Rxg3 Bxg3 51. Nd3 g5 52. b4 axb4 53. a5 gxf4 54. a6 f3 55. a7 f2 56. Nxf2 b3 57. cxb3 Bxf2 58. a8Q Ke6 1-0

[Event "EU-ch Blitz"]
[Site "Skopje"]
[Date "2024.12.09"]
[Round "3"]
[White "Pancevski, Filip"]
[Black "Kiratzopoulos, Efthimios"]
[Result "1-0"]
[WhiteElo "2420"]
[BlackElo "2193"]
[PlyCount "63"]
[EventDate "2024.12.09"]
[EventType "swiss (blitz)"]
[EventRounds "13"]
[EventCountry "MKD"]
[SourceTitle "CB50_2024"]
[SourceDate "2024.11.01"]
[SourceVersion "1"]
[SourceVersionDate "2024.11.01"]
[SourceQuality "2"]

1. e4 d6 2. d4 g6 3. Nc3 Bg7 4. Be3 c6 5. a4 Nf6 6. h3 0-0 7. g4 Nfd7 8. Bg2 Nb6 9. Nge2 f5 10. gxf5 gxf5 11. Qd3 Be6 12. b3 Na6 13. a5 Nd7 14. Rg1 Kh8 15. Qd2 Nf6 16. e5 dxe5 17. dxe5 Nd5 18. Bxd5 Bxd5 19. Nxd5 Qxd5 20. Qxd5 cxd5 21. f4 Nb4 22. Kd2 Rfc8 23. Nd4 Nc6 24. Nxf5 Bf8 25. e6 Rd8 26. c3 d4 27. Bxd4+ Nxd4 28. cxd4 Rd5 29. Rg5 Bh6 30. Nxh6 Rxd4+ 31. Ke3 Rad8 32. Nf7# 1-0

[Event "EU-ch Blitz"]
[Site "Skopje"]
[Date "2024.12.09"]
[Round "7"]
[White "Pancevski, Filip"]
[Black "Kukk, Sander"]
[Result "1-0"]
[WhiteElo "2420"]
[BlackElo "2234"]
[PlyCount "101"]
[EventDate "2024.12.09"]
[EventType "swiss (blitz)"]
[EventRounds "13"]
[EventCountry "MKD"]
[SourceTitle "CB50_2024"]
[SourceDate "2024.11.01"]
[SourceVersion "1"]
[SourceVersionDate "2024.11.01"]
[SourceQuality "2"]

1. e4 g6 2. d4 Bg7 3. Nc3 d6 4. Be3 Nf6 5. h3 0-0 6. g4 e5 7. Bg2 exd4 8. Bxd4 Nc6 9. Be3 Re8 10. Nge2 Nd7 11. 0-0 Nc5 12. Qd2 a5 13. Rad1 Be6 14. b3 Qe7 15. Bg5 Bf6 16. Be3 Rad8 17. f4 Bg7 18. Ng3 Qh4 19. Bf2 Qf6 20. Nb5 Qe7 21. c3 Bc8 22. Kh2 Nb8 23. Qc2 Nba6 24. Nd4 c6 25. Rde1 Nc7 26. Qd2 Bh6 27. Be3 Qh4 28. g5 Bg7 29. Bf2 N7e6 30. Nge2 Qh5 31. Bf3 Nxd4 32. Bxh5 Nxe2 33. Bxe2 Nxe4 34. Qc2 Bxc3 35. Bf3 Bxe1 36. Rxe1 d5 37. Bxe4 dxe4 38. Rxe4 Rf8 39. Rd4 Bf5 40. Qd2 Rde8 41. Qxa5 Re2 42. Rd2 Re4 43. Kg3 h5 44. gxh6 Kh7 45. Bd4 Kxh6 46. Qc5 Rfe8 47. Be5 Kh7 48. Qd6 Be6 49. Qc7 b5 50. Qxc6 Rc8 51. Qxe4 1-0

[Event "EU-ch Rapid"]
[Site "Skopje"]
[Date "2024.12.08"]
[Round "9"]
[White "Rodriguez Fontecha, Marcos"]
[Black "Pancevski, Filip"]
[Result "0-1"]
[WhiteElo "2278"]
[BlackElo "2420"]
[PlyCount "148"]
[EventDate "2024.12.07"]
[EventType "swiss (rapid)"]
[EventRounds "11"]
[EventCountry "MKD"]
[SourceTitle "CB50_2024"]
[SourceDate "2024.11.01"]
[SourceVersion "1"]
[SourceVersionDate "2024.11.01"]
[SourceQuality "2"]

1. d4 Nf6 2. Nf3 g6 3. Bf4 d6 4. Nc3 c6 5. Qd2 Nbd7 6. e4 b5 7. a3 Nb6 8. b3 Bg7 9. Bh6 0-0 10. Bxg7 Kxg7 11. g3 a5 12. Qe3 Bb7 13. Bg2 b4 14. Ne2 Qc7 15. 0-0 c5 16. e5 Nfd5 17. Qd2 c4 18. axb4 axb4 19. Nf4 cxb3 20. cxb3 Qc3 21. Rac1 Qxd2 22. Nxd2 Nxf4 23. gxf4 Bxg2 24. Kxg2 Nd5 25. Kf3 Nc3 26. Ne4 Nb5 27. d5 Ra3 28. Nd2 Rd8 29. Rc4 dxe5 30. Rxb4 Rxd5 31. fxe5 Rxe5 32. Nc4 Rf5+ 33. Kg2 Ra2 34. Ne3 Rg5+ 35. Kf3 Rb2 36. Rd1 e5 37. h4 Rh5 38. Rd5 Nd4+ 39. Kg3 Ne2+ 40. Kf3 Nd4+ 41. Kg3 Nf5+ 42. Nxf5+ Rxf5 43. f3 Rb1 44. Rbb5 Re1 45. Kf2 Re4 46. h5 Ref4 47. Rd3 Rxh5 48. Re3 Rhf5 49. Kg2 h5 50. b4 Rc4 51. Rb7 Rc2+ 52. Kg3 Rb2 53. b5 Rb4 54. b6 Rf6 55. Rxe5 Rbxb6 56. Rxb6 Rxb6 57. f4 Rb3+ 58. Kg2 Kf6 59. Ra5 Rd3 60. Rb5 Ke6 61. Re5+ Kd6 62. Ra5 Ke6 63. Re5+ Kf6 64. Ra5 Kg7 65. Ra7 Rb3 66. Rc7 Kf6 67. Rc5 h4 68. Ra5 h3+ 69. Kh2 Rf3 70. Ra6+ Kf5 71. Ra7 f6 72. Rg7 Rxf4 73. Kxh3 Rf3+ 74. Kg2 Ra3 0-1

[Event "Belgrade-chT Premier"]
[Site "Belgrade"]
[Date "2024.10.15"]
[Round "7.1"]
[White "Lajthajm, Borko"]
[Black "Pancevski, Filip"]
[Result "1/2-1/2"]
[WhiteElo "2318"]
[BlackElo "2410"]
[PlyCount "60"]
[EventDate "2024.10.09"]
[EventType "team-tourn"]
[EventRounds "11"]
[EventCountry "SRB"]
[SourceTitle "CB44_2024"]
[Source "Chessbase"]
[SourceDate "2024.10.30"]
[SourceVersion "1"]
[SourceVersionDate "2024.10.30"]
[SourceQuality "1"]
[WhiteTeam "Belgrade Polet"]
[BlackTeam "Belgrade Partizan"]
[WhiteTeamCountry "SRB"]
[BlackTeamCountry "SRB"]

1. d4 Nf6 2. c4 g6 3. Nc3 d6 4. e4 Bg7 5. Be2 0-0 6. Be3 e5 7. d5 Na6 8. h4 Nc5 9. Qc2 c6 10. Bxc5 dxc5 11. h5 cxd5 12. cxd5 Bd7 13. a4 Ne8 14. Nf3 Nd6 15. Nd2 a6 16. a5 Nb5 17. Nxb5 axb5 18. Qxc5 b6 19. Qe3 bxa5 20. hxg6 hxg6 21. Nb3 a4 22. Nc5 Qa5+ 23. Kf1 Bc8 24. d6 Rd8 25. d7 Rxd7 26. Nxd7 Bxd7 27. Qd2 Ra7 28. Rd1 b4 29. Qd6 Rb7 30. Kg1 Qc7 1/2-1/2

[Event "Belgrade-chT Premier"]
[Site "Belgrade"]
[Date "2024.10.10"]
[Round "2.1"]
[White "Martic, Ivan"]
[Black "Pancevski, Filip"]
[Result "1/2-1/2"]
[WhiteElo "2233"]
[BlackElo "2410"]
[PlyCount "62"]
[EventDate "2024.10.09"]
[EventType "team-tourn"]
[EventRounds "11"]
[EventCountry "SRB"]
[SourceTitle "CB44_2024"]
[Source "Chessbase"]
[SourceDate "2024.10.30"]
[SourceVersion "1"]
[SourceVersionDate "2024.10.30"]
[SourceQuality "1"]
[WhiteTeam "Belgrade CC"]
[BlackTeam "Belgrade Partizan"]
[WhiteTeamCountry "SRB"]
[BlackTeamCountry "SRB"]

1. e4 d6 2. d4 Nf6 3. Nc3 e5 4. dxe5 dxe5 5. Qxd8+ Kxd8 6. Bc4 Ke8 7. f4 Bd6 8. Nf3 Nbd7 9. g3 a6 10. a4 b6 11. Bd2 Bb7 12. 0-0-0 h6 13. Rhe1 Kf8 14. Nd5 Re8 15. Nxf6 gxf6 16. Nh4 exf4 17. Bxf4 Ne5 18. Bd5 Bc8 19. Rf1 Kg7 20. Bd2 a5 21. Nf5+ Bxf5 22. Rxf5 Ng6 23. Rdf1 Be5 24. Bc3 Bxc3 25. bxc3 Re7 26. Rxf6 Ne5 27. R6f5 Rf8 28. g4 c6 29. Bb3 f6 30. Rd1 Rd7 31. Rdf1 Re7 1/2-1/2

[Event "FRM-chT 32nd"]
[Site "Struga"]
[Date "2024.07.24"]
[Round "1.4"]
[White "Pancevski, Filip"]
[Black "Zlatkov, Anton"]
[Result "0-1"]
[WhiteElo "2411"]
[BlackElo "2301"]
[PlyCount "80"]
[EventDate "2024.07.24"]
[EventType "team-tourn"]
[EventRounds "9"]
[EventCountry "MKD"]
[SourceTitle "EXT 2025"]
[Source "ChessBase"]
[SourceDate "2024.10.14"]
[SourceVersion "1"]
[SourceVersionDate "2024.10.14"]
[SourceQuality "1"]
[WhiteTeam "Skopje Alkaloid"]
[BlackTeam "Skopje Gambit Asseko"]
[WhiteTeamCountry "MKD"]
[BlackTeamCountry "MKD"]

1. e4 c5 2. Nc3 Nc6 3. g3 g6 4. Bg2 Bg7 5. d3 d6 6. Be3 Rb8 7. Qd2 b5 8. Nge2 b4 9. Nd1 h5 10. h3 Nd4 11. Nc1 e5 12. f4 h4 13. g4 exf4 14. Bxf4 Bxg4 15. Ne3 Be6 16. c3 bxc3 17. bxc3 Nb5 18. Ne2 Qa5 19. 0-0 Nxc3 20. Bxd6 Nxe2+ 21. Qxe2 Bxa1 22. Bxb8 Bd4 23. Kh1 Qxa2 24. Qxa2 Bxa2 25. Nc2 Bc3 26. Bxa7 Rh5 27. Ne3 Ne7 28. Rc1 Bd4 29. Nc2 Bb2 30. Rf1 Nc6 31. Bb6 Bb3 32. Ne3 Bd4 33. Ng4 Rg5 34. Bf3 Kd7 35. Be2 f5 36. Nh2 Rg3 37. exf5 gxf5 38. Bf3 Rxh3 39. Rb1 Rg3 40. Rc1 Ne5 0-1

[Event "Las Vegas 1000 GM June IM-D"]
[Site "Las Vegas"]
[Date "2024.06.12"]
[Round "5"]
[White "Wongso, Steve"]
[Black "Pancevski, Filip"]
[Result "1/2-1/2"]
[WhiteElo "2176"]
[BlackElo "2405"]
[PlyCount "86"]
[EventDate "2024.06.10"]
[EventType "tourn"]
[EventRounds "9"]
[EventCountry "USA"]
[SourceTitle "CBM 220 Extra"]
[Source "ChessBase"]
[SourceDate "2024.07.31"]
[SourceVersion "1"]
[SourceVersionDate "2024.07.31"]
[SourceQuality "1"]

1. e4 g6 2. d4 Bg7 3. Nc3 c6 4. h3 d6 5. f4 Nf6 6. Nf3 0-0 7. Bd3 Na6 8. e5 Nd7 9. 0-0 c5 10. Ne4 cxd4 11. exd6 Ndc5 12. dxe7 Qxe7 13. Re1 Nxd3 14. Qxd3 Qd8 15. Ng3 Nb4 16. Qb3 Na6 17. Bd2 Nc5 18. Qa3 b6 19. b4 Ne6 20. f5 Qc7 21. fxe6 Qxg3 22. exf7+ Kh8 23. Re2 Bxh3 24. Be1 Qc7 25. Rd1 Bg4 26. Re4 Bf5 27. Rh4 Qxc2 28. Rc1 Qe2 29. Nxd4 Qe7 30. Nxf5 gxf5 31. Qh3 Rxf7 32. Rxh7+ Kg8 33. Rh4 Rd8 34. Bc3 Bxc3 35. Rxc3 Qe1+ 36. Kh2 Qxh4 37. Qxh4 Rh7 38. Qxh7+ Kxh7 39. Rc7+ Kg6 40. Rxa7 Rd4 41. a3 b5 42. Ra5 Rd3 43. g3 Kg5 1/2-1/2

[Event "Las Vegas 1000 GM June IM-D"]
[Site "Las Vegas"]
[Date "2024.06.11"]
[Round "3"]
[White "Pancevski, Filip"]
[Black "Perez Gormaz, Matias Ariel"]
[Result "1-0"]
[WhiteElo "2405"]
[BlackElo "2373"]
[PlyCount "57"]
[EventDate "2024.06.10"]
[EventType "tourn"]
[EventRounds "9"]
[EventCountry "USA"]
[SourceTitle "CBM 220 Extra"]
[Source "ChessBase"]
[SourceDate "2024.07.31"]
[SourceVersion "1"]
[SourceVersionDate "2024.07.31"]
[SourceQuality "1"]

1. e4 e5 2. Nf3 Nc6 3. Bc4 Bc5 4. d3 d6 5. c3 Nf6 6. 0-0 0-0 7. Nbd2 Ne7 8. Re1 Ng6 9. Bb3 c6 10. Nf1 Bb6 11. Ng3 d5 12. Bg5 h6 13. Bxf6 Qxf6 14. exd5 Nf4 15. Rxe5 Bg4 16. d4 Bc7 17. Re3 cxd5 18. h3 Be6 19. Ne5 Bxh3 20. Rf3 Bxg2 21. Rxf4 Qxf4 22. Kxg2 Bxe5 23. dxe5 Qxe5 24. Qxd5 Qc7 25. Nf5 Qf4 26. Qf3 Qxf3+ 27. Kxf3 Rad8 28. Rg1 g6 29. Rxg6+ 1-0

[Event "Las Vegas National op"]
[Site "Las Vegas"]
[Date "2024.06.09"]
[Round "8"]
[White "De la Colina, Nicolas"]
[Black "Pancevski, Filip"]
[Result "0-1"]
[WhiteElo "2148"]
[BlackElo "2405"]
[PlyCount "52"]
[EventDate "2024.06.03"]
[EventType "swiss"]
[EventRounds "9"]
[EventCountry "USA"]
[SourceTitle "CBM 220 Extra"]
[Source "ChessBase"]
[SourceDate "2024.07.31"]
[SourceVersion "1"]
[SourceVersionDate "2024.07.31"]
[SourceQuality "1"]

1. e4 d6 2. d4 Nf6 3. Nc3 g6 4. Be3 c6 5. h3 Bg7 6. f4 Qb6 7. a3 e5 8. Nf3 d5 9. fxe5 Nxe4 10. Nxe4 dxe4 11. Ng5 Bxe5 12. Nxf7 Bg3+ 13. Kd2 Kxf7 14. Bc4+ Ke8 15. Rf1 Rf8 16. Rxf8+ Kxf8 17. Qf1+ Bf5 18. Be6 Qd8 19. Qc4 b5 20. Qb3 Kg7 21. Rf1 Qf6 22. Bc8 a6 23. Kc1 Be6 24. Rxf6 Bxb3 25. Bg5 Bd5 26. Rf1 Ra7 0-1

[Event "Las Vegas National op"]
[Site "Las Vegas"]
[Date "2024.06.06"]
[Round "1"]
[White "Pancevski, Filip"]
[Black "Anand Jr, Vignesh"]
[Result "1-0"]
[WhiteElo "2405"]
[BlackElo "2026"]
[PlyCount "47"]
[EventDate "2024.06.03"]
[EventType "swiss"]
[EventRounds "9"]
[EventCountry "USA"]
[SourceTitle "CBM 220 Extra"]
[Source "ChessBase"]
[SourceDate "2024.07.31"]
[SourceVersion "1"]
[SourceVersionDate "2024.07.31"]
[SourceQuality "1"]

1. e4 c5 2. d3 d6 3. f4 g6 4. Nf3 Bg7 5. Be2 Nc6 6. 0-0 Bg4 7. c3 e6 8. Be3 Nge7 9. Nbd2 0-0 10. a3 b6 11. Qe1 d5 12. Qh4 d4 13. Qxg4 dxe3 14. Nc4 b5 15. Nxe3 Qb6 16. Qh4 a5 17. Ng5 h6 18. Ng4 hxg5 19. fxg5 c4+ 20. Kh1 Rfd8 21. Nh6+ Bxh6 22. gxh6 Qe3 23. Rf3 Qd2 24. h7+ 1-0

[Event "Las Vegas 1000 GM IM-B"]
[Site "Las Vegas"]
[Date "2024.06.04"]
[Round "8"]
[White "Zuluaga Mancilla, Cesar"]
[Black "Pancevski, Filip"]
[Result "0-1"]
[WhiteElo "2188"]
[BlackElo "2432"]
[PlyCount "60"]
[EventDate "2024.05.31"]
[EventType "tourn"]
[EventRounds "9"]
[EventCountry "USA"]
[SourceTitle "CBM 220 Extra"]
[Source "ChessBase"]
[SourceDate "2024.07.31"]
[SourceVersion "1"]
[SourceVersionDate "2024.07.31"]
[SourceQuality "1"]

1. d4 Nf6 2. Nf3 g6 3. e3 Bg7 4. Be2 d6 5. b3 0-0 6. Bb2 e5 7. dxe5 Nfd7 8. Qc1 dxe5 9. Nbd2 Re8 10. h4 Nc6 11. Ne4 Nf6 12. Nxf6+ Qxf6 13. Bc3 Bg4 14. Qb2 Rad8 15. Rd1 Rxd1+ 16. Kxd1 Qf5 17. Kc1 Bf8 18. Rf1 Qh5 19. e4 Bxf3 20. Bxf3 Qxh4 21. g3 Qf6 22. Be2 Nd4 23. Bxd4 exd4 24. Bd3 Bb4 25. Kb1 Bc3 26. Qc1 Re5 27. f4 Ra5 28. g4 b5 29. f5 Qa6 30. Bxb5 Rxa2 0-1

[Event "Las Vegas 1000 GM IM-B"]
[Site "Las Vegas"]
[Date "2024.06.03"]
[Round "6"]
[White "Pancevski, Filip"]
[Black "Wan, Joseph C"]
[Result "1/2-1/2"]
[WhiteElo "2432"]
[BlackElo "2168"]
[PlyCount "46"]
[EventDate "2024.05.31"]
[EventType "tourn"]
[EventRounds "9"]
[EventCountry "USA"]
[SourceTitle "CBM 220 Extra"]
[Source "ChessBase"]
[SourceDate "2024.07.31"]
[SourceVersion "1"]
[SourceVersionDate "2024.07.31"]
[SourceQuality "1"]

1. e4 e6 2. d3 d5 3. Nd2 Nf6 4. Ngf3 b6 5. g3 Nc6 6. Qe2 Nb4 7. Nb3 dxe4 8. dxe4 Ba6 9. c4 Bb7 10. Bg5 Bxe4 11. Bxf6 Nd3+ 12. Kd2 Bb4+ 13. Ke3 Qxf6 14. Kxe4 Nc5+ 15. Nxc5 Qf5+ 16. Ke3 Qxc5+ 17. Nd4 0-0-0 18. Rd1 e5 19. a3 exd4+ 20. Kd3 Qf5+ 21. Qe4 Qxe4+ 22. Kxe4 Rhe8+ 23. Kd3 Be7 1/2-1/2

[Event "Las Vegas 1000 GM IM-B"]
[Site "Las Vegas"]
[Date "2024.06.02"]
[Round "4"]
[White "Pancevski, Filip"]
[Black "Aadit, Bhatia"]
[Result "1/2-1/2"]
[WhiteElo "2432"]
[BlackElo "2087"]
[PlyCount "99"]
[EventDate "2024.05.31"]
[EventType "tourn"]
[EventRounds "9"]
[EventCountry "USA"]
[SourceTitle "CBM 220 Extra"]
[Source "ChessBase"]
[SourceDate "2024.07.31"]
[SourceVersion "1"]
[SourceVersionDate "2024.07.31"]
[SourceQuality "1"]

1. e4 e5 2. Nf3 Nc6 3. Bc4 Nf6 4. d3 Bc5 5. 0-0 d6 6. c3 a5 7. Re1 Ba7 8. Nbd2 0-0 9. h3 Be6 10. Bb5 Ne7 11. Nf1 Ng6 12. Ba4 h6 13. Ng3 c6 14. Bc2 Re8 15. d4 Qc7 16. Be3 b5 17. a4 b4 18. cxb4 axb4 19. Rc1 Qb7 20. Bb3 Bxb3 21. Qxb3 d5 22. dxe5 Nxe5 23. Nxe5 Rxe5 24. exd5 Nxd5 25. Bxa7 Rxe1+ 26. Rxe1 Qxa7 27. Qc2 Qd7 28. Rc1 Ra5 29. Rd1 Qd6 30. Rd4 Rc5 31. Qd1 Qe5 32. Ne4 Rc1 33. Qxc1 Qxd4 34. Nc5 Nc3 35. Qe3 Qd1+ 36. Kh2 Nxa4 37. Qe8+ Kh7 38. Qe4+ Kg8 39. Qe8+ Kh7 40. Qe4+ g6 41. Qe7 Nxc5 42. Qxf7+ Kh8 43. Qf8+ Kh7 44. Qe7+ Kh8 45. Qxc5 Qd2 46. Qf8+ Kh7 47. Qf7+ Kh8 48. Qf6+ Kh7 49. Qf7+ Kh8 50. Qf8+ 1/2-1/2

[Event "Las Vegas 1000 GM IM-B"]
[Site "Las Vegas"]
[Date "2024.06.02"]
[Round "5"]
[White "Yanayt, Eugene"]
[Black "Pancevski, Filip"]
[Result "1/2-1/2"]
[WhiteElo "2115"]
[BlackElo "2432"]
[PlyCount "110"]
[EventDate "2024.05.31"]
[EventType "tourn"]
[EventRounds "9"]
[EventCountry "USA"]
[SourceTitle "CBM 220 Extra"]
[Source "ChessBase"]
[SourceDate "2024.07.31"]
[SourceVersion "1"]
[SourceVersionDate "2024.07.31"]
[SourceQuality "1"]

1. d4 g6 2. c4 Bg7 3. e4 d6 4. Nc3 Nf6 5. h3 0-0 6. Be3 e5 7. d5 Na6 8. g4 Nc5 9. f3 h5 10. Qd2 Nh7 11. b4 Nd7 12. a3 a5 13. Rb1 axb4 14. axb4 Bf6 15. Bd3 Bh4+ 16. Kf1 Kh8 17. Kg2 f5 18. exf5 gxf5 19. Bxf5 Rxf5 20. gxf5 Qg8+ 21. Kf1 Nb6 22. Qd3 Qf7 23. Rh2 Ra3 24. Rc1 Bxf5 25. Qe2 Na4 26. Qd2 Bg3 27. Rg2 h4 28. Re2 Nxc3 29. Rxc3 Bxh3+ 30. Nxh3 Qxf3+ 31. Rf2 Bxf2 32. Rxa3 Bxe3+ 33. Nf2 Bxd2 34. Rxf3 Bxb4 35. Ne4 Kg7 36. Rb3 Ba5 37. Rxb7 Kg6 38. Rb5 Kf5 39. Nxd6+ cxd6 40. Rxa5 Nf6 41. Kg2 Ng4 42. Kh3 Ne3 43. c5 dxc5 44. Rxc5 e4 45. d6+ Ke6 46. Re5+ Kxd6 47. Rxe4 Nf5 48. Kg4 Ne7 49. Kxh4 Nc6 50. Kg5 Kd5 51. Re1 Nd4 52. Kf6 Nf3 53. Re3 Nd4 54. Re5+ Kc4 55. Rh5 Nf3 1/2-1/2

[Event "Dulles Cherry Blossom op 11th"]
[Site "Dulles"]
[Date "2024.05.25"]
[Round "5"]
[White "Pancevski, Filip"]
[Black "Pierrot, Juan Facundo"]
[Result "1/2-1/2"]
[WhiteElo "2432"]
[BlackElo "2309"]
[PlyCount "77"]
[EventDate "2024.05.22"]
[EventType "swiss"]
[EventRounds "9"]
[EventCountry "USA"]
[SourceTitle "CBM 220 Extra"]
[Source "ChessBase"]
[SourceDate "2024.07.31"]
[SourceVersion "1"]
[SourceVersionDate "2024.07.31"]
[SourceQuality "1"]

1. e4 e5 2. Bc4 Nf6 3. d3 c6 4. Nf3 d5 5. Bb3 Bd6 6. Nc3 dxe4 7. Ng5 0-0 8. Ncxe4 Nxe4 9. Nxe4 Bf5 10. Qf3 Bxe4 11. dxe4 Nd7 12. c3 Nc5 13. Bc2 Qe7 14. 0-0 a5 15. g3 Rfd8 16. h4 Ne6 17. Qf5 a4 18. h5 h6 19. Kg2 b5 20. Rd1 Ra7 21. Be3 Rad7 22. b3 Bc5 23. Qf3 Rxd1 24. Rxd1 Rxd1 25. Bxd1 axb3 26. axb3 b4 27. cxb4 Bxe3 28. Qxe3 Qxb4 29. Be2 Qd4 30. Qxd4 Nxd4 31. Bc4 Kf8 32. f4 f6 33. Kf2 Ke7 34. Ke3 Kd6 35. Kd2 Kc5 36. Kc3 Kb6 37. Kb4 Nc2+ 38. Kc3 Nd4 39. f5 1/2-1/2

[Event "FRM-ch op"]
[Site "Skopje"]
[Date "2024.05.18"]
[Round "9"]
[White "Nikolovski, Nikola"]
[Black "Pancevski, Filip"]
[Result "1-0"]
[WhiteElo "2381"]
[BlackElo "2432"]
[PlyCount "59"]
[EventDate "2024.05.11"]
[EventType "swiss"]
[EventRounds "9"]
[EventCountry "MKD"]
[SourceTitle "CBM 220 Extra"]
[Source "ChessBase"]
[SourceDate "2024.07.31"]
[SourceVersion "1"]
[SourceVersionDate "2024.07.31"]
[SourceQuality "1"]

1. e4 d6 2. d4 Nf6 3. Nc3 e5 4. Nge2 c6 5. a4 Be7 6. g3 Nbd7 7. Bg2 0-0 8. 0-0 b6 9. h3 h5 10. f4 Bb7 11. Qd3 Re8 12. Bd2 Bf8 13. Rae1 a6 14. g4 exd4 15. Nxd4 Nc5 16. Qf3 d5 17. e5 hxg4 18. hxg4 Nfe4 19. Be3 Rb8 20. Qh3 Qd7 21. Re2 f6 22. Bxe4 Nxe4 23. Nxe4 dxe4 24. Rh2 Bc8 25. e6 Rxe6 26. Nxe6 Qxe6 27. f5 Qe8 28. g5 fxg5 29. Qh7+ Kf7 30. Qg6+ 1-0

[Event "FRM-ch op"]
[Site "Skopje"]
[Date "2024.05.16"]
[Round "7"]
[White "Veljanoski, Andrej"]
[Black "Pancevski, Filip"]
[Result "1/2-1/2"]
[WhiteElo "2290"]
[BlackElo "2432"]
[PlyCount "50"]
[EventDate "2024.05.11"]
[EventType "swiss"]
[EventRounds "9"]
[EventCountry "MKD"]
[SourceTitle "CBM 220 Extra"]
[Source "ChessBase"]
[SourceDate "2024.07.31"]
[SourceVersion "1"]
[SourceVersionDate "2024.07.31"]
[SourceQuality "1"]

1. e4 c5 2. Nf3 e6 3. d4 cxd4 4. Nxd4 a6 5. c4 Nf6 6. Nc3 Bb4 7. f3 Qc7 8. Qb3 Be7 9. Be3 d6 10. Qc2 0-0 11. 0-0-0 Nc6 12. Kb1 Bd7 13. Rc1 Rfc8 14. g4 Nxd4 15. Bxd4 Qa5 16. Qd2 b5 17. g5 Nh5 18. f4 b4 19. Ne2 Bc6 20. Bg2 e5 21. Be3 exf4 22. Nxf4 Bxg5 23. Nd5 Bxe3 24. Qxe3 Re8 25. Rhd1 Re5 1/2-1/2